
Library Catalogue

| 000 -LEADER | |
|---|---|
| fixed length control field | 00822nam a2200265 a 4500 |
| 001 - CONTROL NUMBER | |
| control field | 2381474 |
| 005 - DATE AND TIME OF LATEST TRANSACTION | |
| control field | 20260408044040.0 |
| 008 - FIXED-LENGTH DATA ELEMENTS--GENERAL INFORMATION | |
| fixed length control field | 850806s1984 enk b 001 0 eng |
| 010 ## - LIBRARY OF CONGRESS CONTROL NUMBER | |
| LC control number | 84231301 |
| 035 ## - SYSTEM CONTROL NUMBER | |
| System control number | 2381474 |
| 040 ## - CATALOGING SOURCE | |
| Original cataloging agency | DLC |
| Transcribing agency | DLC |
| Modifying agency | DLC |
| 043 ## - GEOGRAPHIC AREA CODE | |
| Geographic area code | e-uk--- |
| 082 ## - DEWEY DECIMAL CLASSIFICATION NUMBER | |
| Classification number | 346.03 WIN |
| 100 1# - MAIN ENTRY--PERSONAL NAME | |
| Personal name | Winfield, Percy Henry |
| 245 10 - TITLE STATEMENT | |
| Title | Winfield and Jolowicz on tort / |
| Statement of responsibility, etc. | Winfield and Jolowicz. |
| 250 ## - EDITION STATEMENT | |
| Edition statement | International student ed. |
| 260 ## - PUBLICATION, DISTRIBUTION, ETC. | |
| Place of publication, distribution, etc. | London : |
| Name of publisher, distributor, etc. | Sweet & Maxwell, |
| Date of publication, distribution, etc. | 1994. |
| 300 ## - PHYSICAL DESCRIPTION | |
| Extent | lxxiv, 794 p. ; |
| Dimensions | 24 cm. |
| 504 ## - BIBLIOGRAPHY, ETC. NOTE | |
| Bibliography, etc. note | Includes bibliographical references and indexes. |
| 650 #0 - SUBJECT ADDED ENTRY--TOPICAL TERM | |
| Topical term or geographic name entry element | Torts |
| Geographic subdivision | Great Britain. |
| 700 1# - ADDED ENTRY--PERSONAL NAME | |
| Personal name | Jolowicz, J. A. |
| 906 ## - LOCAL DATA ELEMENT F, LDF (RLIN) | |
| a | 7 |
| b | cbc |
| c | orignew |
| d | 3 |
| e | ncip |
| f | 19 |
| g | y-gencatlg |
| 942 ## - ADDED ENTRY ELEMENTS (KOHA) | |
| Source of classification or shelving scheme | Dewey Decimal Classification |
| Koha item type | BOOKs |
| Withdrawn status | Lost status | Damaged status | Not for loan | Home library | Current library | Shelving location | Date acquired | Cost, normal purchase price | Total Checkouts | Full call number | Barcode | Date last seen | Price effective from | Koha item type | Date last checked out |
|---|---|---|---|---|---|---|---|---|---|---|---|---|---|---|---|
| . | . | 30.05.2017 | 717.39 | 346.03 WIN-1 | 12815 | 14.06.2024 | 30.05.2017 | BOOKs | |||||||
| . | . | Library Compactors | 30.05.2017 | 71739.00 | 1 | 346.03 WIN-2 | 12816 | 19.08.2022 | 30.05.2017 | BOOKs | 19.08.2022 | ||||
| . | . | Library Compactors | 30.05.2017 | 717.39 | 346.03 WIN-3 | 12817 | 30.05.2017 | 30.05.2017 | BOOKs | ||||||
| . | . | Library Compactors | 30.05.2017 | 717.39 | 1 | 346.03 WIN-4 | 12818 | 14.09.2022 | 30.05.2017 | BOOKs | 12.09.2022 | ||||
| . | . | Library Compactors | 30.05.2017 | 71739.00 | 2 | 346.03 WIN-5 | 12819 | 10.12.2025 | 30.05.2017 | BOOKs | 29.11.2025 |